Score 0/10 Timer 02:00
0 Plays Today
Hint 5-Letter Word % Correct
Tooth capCROWN
90.2%
Typical origami birdCRANE
89.6%
Muscular strengthBRAWN
87.3%
British PM in 2008BROWN
86.3%
Gnarls Barkley or Patsy Cline tuneCRAZY
85.1%
Withered old womanCRONE
84.3%
Pinky's partner?BRAIN
84%
'Almost Famous' director?CROWE
82.2%
Beatlemania or phone booth stuffingCRAZE
80.7%
Practice fitnessTRAIN
80.1%

Today's Daily Dose

Missing Word
I Hardly Know Her!

Word Ladder
Sentence Ending

Quick Pick
Female Firsts

Get the Picture
Triathlon Sports

Remove Ads.
Support Sporcle.
Get the best of Sporcle when you Go Orange. This ad-free experience offers more features, more stats, and more fun while also helping to support Sporcle. Thank you for becoming a member.

You're not logged in!

Compare scores with friends on all Sporcle quizzes.
OR
Log In

Show Comments

Extras

Top Quizzes Today


Score Distribution

Your Account Isn't Verified!

In order to create a playlist on Sporcle, you need to verify the email address you used during registration. Go to your Sporcle Settings to finish the process.

Report this User

Report this user for behavior that violates our Community Guidelines.

Details: